Lady Gaga - ARTPOP (all lyrics) - Statistics

General Stats
  • This quiz has been taken 36 times
  • The average score is 177 of 253
Answer Stats
Hint Answer % Correct
Pre-Chorus 1 | Pre-chorus 2 A
100%
a
100%
I
94%
you
94%
ARTPOP
89%
me
89%
to
89%
Verse 1 | Verse 2 Come
83%
just
83%
my
83%
that
83%
the
83%
your
83%
and
78%
could
78%
do
78%
I'll
78%
thing
78%
Chorus We
78%
we
78%
with
78%
all
72%
anything
72%
belong
72%
cruelty
72%
heart
72%
mean
72%
together
72%
undress
72%
can
67%
glamour
67%
in
67%
not
67%
beat
61%
choose
61%
is
61%
love
61%
music
61%
stop
61%
strings
61%
things
61%
are
56%
bling
56%
but
56%
make
56%
of
56%
right
56%
sell
56%
show
56%
sometimes
56%
these
56%
why
56%
color
50%
create
50%
for
50%
hybrid
50%
it
50%
on
50%
reasons
50%
rescue
50%
try
50%
withstand
50%
bricks
44%
darkness
44%
destiny
44%
Outro Free
44%
help
44%
keep
44%
laughing
44%
melody
44%
mind
44%
myself
44%
or
44%
palette
44%
really
44%
self
44%
am
39%
because
39%
Bridge Brushes
39%
lovers'
39%
move
39%
simplest
39%
tight
39%
won't
39%
beaches
33%
flown
33%
kites
33%
out
33%
perverse
33%
profit
33%
sight
33%
fantasy
28%
hue
28%
public
28%
subtext
28%
No matching quizzes found
Score Distribution
Percent of People with Each Score
Percentile by Number Answered
Your Score History
You have not taken this quiz